Statistics for Central Asian Countries and Capitals

Click here to take the quiz!

General Stats

  • This quiz has been taken 96 times
  • The average score is 11 of 12

Answer Stats

Answer% Correct
Kazakhstan
97%
Kyrgyzstan
97%
Tajikistan
97%
Uzbekistan
97%
Turkmenistan
95%
Afghanistan
89%
Nur-Sultan
88%
Kabul
85%
Tashkent
82%
Ashgabat
80%
Dushanbe
77%
Bishkek
75%

Score Distribution

Percentile by Number Answered

Percent of People with Each Score

Your Score History

You have not taken this quiz